000 00491nam a2200145 a 4500
008 120416s0000 ||||||||||||||||| || u
020 _a071313660X
050 _aTL 250 Hei
100 _aHeisler, Heinz
245 1 0 _aAdvanced vehicle technology
260 _aLondon
_bE. Arnold
_c1989
300 _avii, 499p. : ill.
350 _a0.00
995 _D0.00
_FCBU-MAIN LIBRARY (Kitwe)
_H1
_I22.95
_UAVAILABLE
_ZMain Library Open Access Collection
999 _c33592
_d33592